000 00605nam a2200181 i 4500
001 21775
003 ES-MaACL
005 20260203063028.0
007 t|
008 021127q1840 sz ||||1| fre d
100 1 _aAgassiz, Louis,
_d1807-1873
_918535
245 1 0 _aGlaciers actuels /
_cL. Agassiz.
260 _aNeuchâtel :
_baux frais de l'auteur ; Soleure : Jent et Gassmann, libraires,
_c1840 ?] (
_fLith. de A. Sonrel)
300 _aIX, [3] h. :
_btodos plan. n. y col. ;
_c49 cm.
650 4 _aGlaciares.
_9136187
852 _aES-MaACL
_jR-2929
_x Olim:B-7748
999 _c21775
_d21775